|
|
|
|
| LEADER |
00000nam0a2200000 4500 |
| 001 |
348964 |
| 005 |
20250207134014.0 |
| 035 |
|
|
|a (RuTPU)RU\TPU\retro\853
|
| 035 |
|
|
|a RU\TPU\retro\851
|
| 090 |
|
|
|a 348964
|
| 100 |
|
|
|a 20180330d1962 km y0rusy50 ca
|
| 101 |
0 |
|
|a rus
|
| 102 |
|
|
|a RU
|
| 105 |
|
|
|a a z 000zy
|
| 200 |
1 |
|
|a Автоматические и поточные линии в сварочном производстве. (Обобщение заводского опыта)
|f Г. Н. Стрекалов
|g Государственный научно-исследовательский институт научной и технической информации (ГОСИНТИ)
|
| 210 |
|
|
|a Москва
|c ГОСИНТИ
|d 1962
|
| 215 |
|
|
|a 63 с.
|c ил.
|
| 606 |
1 |
|
|a Поточные линии автоматические в сварке
|2 stltpush
|3 (RuTPU)RU\TPU\subj\50994
|9 69607
|
| 610 |
1 |
|
|a поточно-механизированные линии
|
| 610 |
1 |
|
|a сварка
|
| 610 |
1 |
|
|a сборка
|
| 610 |
1 |
|
|a автоматы
|
| 610 |
1 |
|
|a конвейеры
|
| 610 |
1 |
|
|a цепи
|
| 610 |
1 |
|
|a трубы
|
| 610 |
1 |
|
|a колеса
|
| 610 |
1 |
|
|a механизация
|
| 610 |
1 |
|
|a автоматизация
|
| 610 |
1 |
|
|a приспособления
|
| 675 |
|
|
|a 621.791:658
|v 4
|
| 700 |
|
1 |
|a Стрекалов
|b Г. Н.
|g Генрих Николаевич
|
| 712 |
0 |
2 |
|a Государственный научно-исследовательский институт научной и технической информации
|c Москва
|c 1962-1981
|9 24504
|
| 801 |
|
1 |
|a RU
|b 63413507
|c 20180330
|
| 801 |
|
2 |
|a RU
|b 63413507
|c 20180402
|g RCR
|
| 942 |
|
|
|c BK
|